000 00524nam a2200181Ia 4500
008 151018s9999 xx 000 0 und d
082 _bRBASDV17616
_a891.463
100 _aऊ ज शेळके
245 _aउमलली कळी
250 _b1
260 _bसौ.प्रेरणा शेळ्के
_c1984
300 _a155
600 _aऊ ज शेळके
630 _aउमलली कळी
700 _aऊ ज शेळके
730 _aउमलली कळी
942 _cBOOK
999 _c1018294
_d1018291